000
00336nam a2200133Ia 4500
008
240624s9999 xx 000 0 und d
041
_a
eng
082
_a
339 TUR
100
_a
TURNOVSKY STEPHEN J
245
_a
METHODS OF MACROECONOMIC DYNAMICS
260
_c
1997
_a
New Delhi
_b
Prentice-Hall of India
300
_a
xiv, : 535
365
_c
RS
999
_c
375
_d
375